header

Smart environments (Record no. 209801)

MARC details
000 -LEADER
fixed length control field 01318nam a22003374a 4500
082 04 - DEWEY DECIMAL CLASSIFICATION NUMBER
Classification number 006.3
100 1# - MAIN ENTRY--AUTHOR NAME
Personal name Cook, Diane J.,
245 10 - TITLE STATEMENT
Title Smart environments
260 ## - PUBLICATION, DISTRIBUTION, ETC. (IMPRINT)
Place of publication Hoboken, NJ :
Name of publisher John Wiley,
Year of publication 2005.
300 ## - PHYSICAL DESCRIPTION
Number of Pages xvii, 404 p. :
Other physical details ill.
500 ## - GENERAL NOTE
General note "A Wiley-Interscience publication."
650 #0 - SUBJECT ADDED ENTRY--TOPICAL TERM
Topical Term Expert systems (Computer science)
Topical Term Artificial intelligence.
Topical Term Intelligent buildings.
700 1# - ADDED ENTRY--PERSONAL NAME
Personal name Das, Sajal K.
856 40 - ELECTRONIC LOCATION AND ACCESS
Uniform Resource Identifier http://site.ebrary.com/lib/rucke/Doc?id=10114103

No items available.

© 2026 Rongo University
Contact us: librarian | system librarian | Rongo university